8 mots dans mots : vil (mort subite) - Statistiques

Statistiques générales
  • Ce quiz a été pris 55 fois
  • Le résultat moyen est 6 sur 8
Answers on the Grid
Answers color-coded by a green-red scale on the quiz's grid according to % correct below.
Pa---lonnaire
I---lider
Vaude---lesque
Enc---alement
Ci---lisatrice
Sous - év---er
Pri---égier
Vald---uer
Abbe---lienne
Ecou---lonner
Micro - int---alle
Assurance - inva---ité
Gra---lonneuse
Pare - ava---ches
Saint - va---tin
Recroque---ler
 
Statistiques - réponses
Réponse % Correct
Pa---lonnaire
95%
Pri---égier
82%
Gra---lonneuse
75%
Recroque---ler
75%
Ci---lisatrice
73%
Ecou---lonner
64%
Vaude---lesque
52%
Abbe---lienne
50%
Aucun quiz correspondant
Distribution des résultats
% des personnes avec chaque résultat
Percentile par nombre de réponses
Votre historique - résultats
Vous n’avez pas pris ce quiz